Integral advantage : revisiting emerging markets and societies /

Bibliographic Details
Main Author: Lessem, Ronnie (Author)
Corporate Author: EBSCOhost
Format: eBook
Language:English
Published: Farnham, Surrey : Gower Publishing Limited, [2015]
Series:Transformation and innovation series.
Subjects:
Online Access:Connect to the full text of this electronic book

MARC

Tag First Indicator Second Indicator Subfields
LEADER 00000cam a22000001i 4500
001 in00004066713
005 20191021075910.0
006 m |o d |
007 cr |n|||||||||
008 190719s2015 enk ob 001 0 eng d
020 |a 9781134804115 (electronic bk.) 
020 |a 1134804113 (electronic bk.) 
020 |z 9781472471864 
020 |z 1472471865 
020 |z 1472471873 (electronic; ebook) 
020 |z 9781472471871 (electronic; ebook) 
020 |z 1472471881 (electronic; epub) 
020 |z 9781472471888 (electronic; epub) 
024 8 |a 99981314444 
035 |a (NhCcYBP)ybp14930984 
040 |a NhCcYBP  |c NhCcYBP  |d UtOrBLW 
043 |a d------ 
050 4 |a HC59.7  |b .L385 2015 
082 0 4 |a 338.9009172/4  |2 23 
100 1 |a Lessem, Ronnie,  |e author.  |0 http://id.loc.gov/authorities/names/n86050756 
245 1 0 |a Integral advantage :  |b revisiting emerging markets and societies /  |c Ronnie Lessem. 
264 1 |a Farnham, Surrey :  |b Gower Publishing Limited,  |c [2015] 
300 |a 1 online resource. 
336 |a text  |b txt  |2 rdacontent 
337 |a computer  |b c  |2 rdamedia 
338 |a online resource  |b cr  |2 rdacarrier 
490 1 |a Transformation and innovation series 
504 |a Includes bibliographical references and index. 
505 0 |a Orientation -- Why the internet is not the answer -- Conventional : north/western" wisdom on emerging markets -- Emerging markets to "emergent" societies -- An east-west Russian integral perspective -- Grounding : mutual aid to earth manifesto -- Emergence : communism to cosmism -- Navigation : economy as household -- Effect : Russian provintsia -- A north-south African integral perspective -- Grounding : Africa as our primal heritage -- Emergence : future primal -- Navigation : seeking justice and reconciliation -- Effect : ubuntu to value sharing -- Brazil, China, India : closing the circle -- Integral India : Swadeshi and Sarvodaya -- Integral China : Chaxugeju to Guanxi -- Integral Brazil : eco-services to free trade re-imagined -- Competitive to integral advantage. 
588 |a Description based on print version record. 
500 |a Electronic resource. 
650 0 |a Economic development  |z Developing countries.  |0 http://id.loc.gov/authorities/subjects/sh2009124572 
651 0 |a Developing countries  |x Economic policy.  |0 http://id.loc.gov/authorities/subjects/sh2008102080 
655 7 |a Electronic books.  |2 local 
710 2 |a EBSCOhost. 
776 1 8 |c Original  |z 9781472471864  |z 1472471865  |z 1472471873  |z 9781472471871  |z 1472471881  |z 9781472471888  |w (DLC) 2015020658 
830 0 |a Transformation and innovation series.  |0 http://id.loc.gov/authorities/names/no2010011458 
856 4 0 |u http://proxy.library.tamu.edu/login?url=http://search.ebscohost.com/login.aspx?direct=true&scope=site&db=nlebk&db=nlabk&AN=1062409  |z Connect to the full text of this electronic book  |t 0 
955 |a YBP purchased EBSCO DDA e-records 
999 f f |s 6b650009-4f59-3ed8-b6d2-7ae90b976877  |i cdb54297-76ff-3be1-9897-9d10752c8f51  |t 0 
952 f f |a Texas A&M University  |b College Station  |c Electronic Resources  |d Available Online  |t 0  |e HC59.7 .L385 2015  |h Library of Congress classification 
998 f f |a HC59.7 .L385 2015  |t 0  |l Available Online